Регионална библиотека "Любен Каравелов" - Русе

Бракът и съвременний отпадък на семейния живот (Запис номер 136073)

MARC детайли
000 -Лидер
Контролно поле с фиксирана дължина nam a22 a 4500
003 - Код на организацията, давaща контролен номер
Контролно поле BLK
005 - Дата и час на последна редакция
Контролно поле 20201013131619.0
008 - Елементи от данни с фиксирана дължина
fixed length control field 201013b bul|||||r ||||||| ||bul||
040 ## - Източник на каталожния запис
Идентификатор на билиотеката - собственик на записа BLK
041 ## - Код за език
Код за езика на текст/звукозапис или на отделно заглавие Български
Код за езика КДБФ Български
072 #7 - Код за тематичната категория
Код организация bullib
Код за тематична категория Ц
Текст Редки и ценни
080 ## - УДК
Текстов определител УДК Семейна етика. Вж и 176 ; 343.3/.7 ; 347.6 ; 392
УДК код - определител по УДК 173
УДК - код + определител 173
080 ## - УДК
Текстов определител УДК Сексуална етика. Етика на половите отношения. Вж и 173 ; 343.3/.7 ; 392
УДК код - определител по УДК 176
УДК - код + определител 176
100 1# - Редна дума - Автор
Автор Городцов, Павел Митрофанович
Авторска отговорност първи автор
R(LIN) 55222
139 ## - Редно поле
Редна дума Городцов, Павел Митрофанович
Авторски знак Горо - Г 69
245 10 - Сведения за заглавието
Заглавие Бракът и съвременний отпадък на семейния живот
Подзаглавни данни По повод на Крайцеровата соната
Редно поле (дума) Павел Митрофанович Городцов; прев. от рус. Г. П. Василев; прев. от рус. Ив. Дуйков.
257 ## - Страна на издаване
Страна на създаване/издаване Русия
260 ## - Област на издателските данни
Име на издателя, разпространителя и проч. Изд. прев.
Година на издаване 1895
Печатница Пловдив : друж. печ. Съгласие
Място на издаване, разпространение и проч. Пловдив
300 ## - Физическа характеристика
Страници 85 с.
Размери/Мащаб 21 см
380 ## - Жанр
Жанр Философия
490 ## - СЕРИИ (Колекции)
9 (RLIN) 435080
Име на серия Колекция Редки и ценни издания
650 #4 - Допълнително описание по предмет – тема
Основно описание – тема или топоним Семейна етика
9 (RLIN) 170782
650 #4 - Допълнително описание по предмет – тема
Основно описание – тема или топоним Семейни отношения - етични проблеми
9 (RLIN) 245197
650 #4 - Допълнително описание по предмет – тема
Основно описание – тема или топоним Сексуалност - етични проблеми
9 (RLIN) 245196
650 #4 - Допълнително описание по предмет – тема
Основно описание – тема или топоним Сексуалност - религиозноетични проблеми
9 (RLIN) 256452
653 ## - Ключова дума – ненормативна
Ключова дума етика
653 ## - Ключова дума – ненормативна
Ключова дума семейни отношения
653 ## - Ключова дума – ненормативна
Ключова дума сексуално възпитание
659 ## - Тематичен бюлетин
Тематичен бюлетин Ц
700 1# - Други автори (авторска отговорност)
Лично име Василев, Г. П.
Автороска отговорност (Описва отношението между автора и произведението) прев. от рус.
9 (RLIN) 325152
700 1# - Други автори (авторска отговорност)
Лично име Дуйков, Ив.
Автороска отговорност (Описва отношението между автора и произведението) прев. от рус.
9 (RLIN) 65661
852 ## - Местоположение
Форматна сигнатура Рб 895
Фондова буква Редки и ценни
856 4# - Електронен адрес и достъп
Електронен формат pdf - файл
856 4# - Електронен адрес и достъп
Електронен формат pdf - файл
999 ## - СИСТЕМНИ КОНТРОЛНИ НОМЕРА
Koha biblionumber 136073
Koha biblioitemnumber 136073
942 ## - АРТИКУЛИ
Вид на библиотечния материал Книги
Скрит в OPAC Не
Периодичен библиозапис Да
944 ## - СЪЗДАВАНЕ И РЕДАКЦИЯ на ЗАПИСА
Създаване/Редакция Създаване
Дата на регистрацията/редакция 15.04.2013
Статус, дата на статуса 15.04.2013 - от С1,Р / 15.04.2013
Служител, извършил регистрацията/редакцията Наталия_Медовщикова
944 ## - СЪЗДАВАНЕ И РЕДАКЦИЯ на ЗАПИСА
Създаване/Редакция Редакция
Дата на регистрацията/редакция 15.04.2013
Статус, дата на статуса 15.04.2013 - от С1,Р / 15.04.2013
999 ## - СИСТЕМНИ КОНТРОЛНИ НОМЕРА
Koha biblioitemnumber 136073
Наличности
Код за отписване Код за изгубен артикул Източник на класификационната схема Код за повреда Коз за рестрикции Код за отдаване Артикулен № Име на библиотеката - собственик Име на библиотеката, в която се намира в момента Статус (Текущо местоположение) Дата на вписване в системата Местоположение - отдел Цена в лева Инвентарен номер Систематично азбучна сигнатура Баркод Номер на екземпляра Цена в евро Служебна бележка Служебен тип на артикула
  Не е изгубен Universal Decimal Classification Не е повреден само за читалня Специални фондове ( старопечатни, редки и ценни, фонд М. Арнаудов) 222406 Регионална библиотека "Любен Каравелов" Русе Регионална библиотека "Любен Каравелов" Русе Редки и ценни 1895-01-01 Редки и ценни 0.06 16076 Рб 895 900000021177 1 0.03 N: стар фонд Дата: 01.01.1895 Дата инв: 15.12.2016 Бележки инв: Рц2016 Книги
Vip Innovations Ltd, Rousse, Bulgaria 2025